|
|
|
|
| LEADER |
00000nab a2200000 a 4500 |
| 001 |
vtls009183877 |
| 003 |
SK-MaSNL |
| 005 |
20260305033533.0 |
| 008 |
080213 2008 xo w 000 0 slo |
| 038 |
|
|
|a LVTK
|
| 040 |
|
|
|a LVTK
|b slo
|e ACCR2
|c LVTK
|
| 041 |
|
|
|a slo
|
| 044 |
|
|
|a xo
|c SK
|
| 080 |
|
|
|a 352
|2 2001
|
| 080 |
|
|
|a 908
|2 2001
|
| 245 |
0 |
0 |
|a Rarita: 32 rokov na čele obce
|b so starostom Lontova Štefanom Kuczmanom
|c [zhováral sa] SYSA
|
| 300 |
|
|
|b Fotogr.
|
| 610 |
1 |
7 |
|a Lontov (Slovensko).
|b Obecný úrad
|2 snkbucl
|9 219715
|
| 610 |
1 |
7 |
|a Lontov (Slovensko).
|b Starosta
|2 snkbucl
|9 219714
|
| 650 |
0 |
7 |
|a obecné úrady
|2 SNKPH
|9 69526
|
| 651 |
|
7 |
|a Lontov (Slovensko)
|2 lvtk
|9 93130
|
| 651 |
|
7 |
|a Levice (Slovensko : okres)
|2 snkbucl
|9 15245
|
| 700 |
1 |
|
|a Kuczman, Štefan
|4 aut
|4 ive
|9 1052705
|
| 773 |
0 |
|
|t Pohronie
|g Roč. 63 , č. 5 (2008), s. 1 a 5
|
| 852 |
|
|
|a LVTK
|b KIS3GCP
|
| 999 |
|
|
|c 3324749
|d 3326679
|